Short Celebrities Quiz Stats

 Plays Quiz Updated Aug 23, 2015

Challenge
Share
Tweet
Score 0/25 Timer 08:00
1 Play Today
% Correct
Prince
91.4%
Reese Witherspoon
90.6%
Jack Black
89.8%
Bruno Mars
87.8%
Michael J. Fox
85.4%
Danny DeVito
85%
Daniel Radcliffe
81.7%
Nicki Minaj
77.8%
Jon Stewart
75.7%
Lady Gaga
74.4%
Shakira
71.3%
Elijah Wood
69.2%
Snooki
65.9%
% Correct
Lil Wayne
65.5%
Anna Kendrick
65.3%
Kevin Hart
63.9%
Hilary Duff
63%
Billy Joel
62.7%
Jennifer Love Hewitt
62.7%
Ellen Page
61.9%
Henry Winkler
60.4%
Seth Green
57.6%
Kristen Bell
52.4%
Martin Scorsese
50.5%
Lea Michele
46.4%

You're not logged in!

Compare scores with friends on all Sporcle quizzes.
Join for Free
OR
Log In

You Might Also Like...

Show Comments

Extras

Top Quizzes Today


Score Distribution

Your Account Isn't Verified!

In order to create a playlist on Sporcle, you need to verify the email address you used during registration. Go to your Sporcle Settings to finish the process.

Report this User

Report this user for behavior that violates our Community Guidelines.

Details: